BIBLIOTHÈQUE DE LA MAISON DU MEXIQUE

Logo 1 Logo 2

Entre folklore y literatura (notice nᵒ 12424)

détails MARC
000 -Sello discográfico
campo de control de longitud fija 00958nam a2200277 4500
005 - Identificación de versión
campo de control 20251022121140.0
035 ## - Otros números de control del sistema
Número de control del sistema 10786
099 ## - fechas locales
Tipo de ítem Koha LIBRO
100 ## - Datos de procesamiento general
Datos de procesamiento general 19930801d1971 m y1spay5003 ba
101 ## - Idioma del recurso
Idioma del texto, banda sonora, etc. Español; Castellano
105 ## - Campo de datos codificados: Material textual, monográfico
Datos codificados de monografía y 001gy
200 1# - Título y mención de responsabilidad
Título propio Entre folklore y literatura
Designación general del material texto impreso
Otra información del título lírica hispánica antigua
Primer mención de responsabilidad Margit Frenk Alatorre
205 ## - Declaración de edición
Declaración de edición 1a ed
210 ## - Publicación, distribución, etc.
Lugar de publicación, distribución, etc. México
Nombre del editor, distribuidor, etc. El Colegio de México, Centro de Estudios Lingüísticos y Literarios
Fecha de publicación, distribución, etc. 1971
215 ## - Descripción física
Designación de material específico y extensión del ítem 104 p
Dimensiones 19 cm
320 ## - Nota de índices/bibliografías internas
Texto de la nota Incluye bibliografía: p.102-104
345 ## - Nota de información de adquisición
Fuente de adquisición/dirección de la suscripción [OBSOLETO] Donación
410 #1 - Series
Título Jornadas
Número de volumen 68
606 ## - Término temático usado como materia
Elemento de entrada Canciones folklóricas españolas
Subdivisión temática Historia y crítica
Número Koha 10902
606 ## - Término temático usado como materia
Elemento de entrada Poesía lírica española
Subdivisión temática Historia y crítica
Número Koha 3912
700 ## - Nombre personal - Responsabilidad primaria
Elemento de entrada Frenk Alatorre
Parte del nombre distinta del elemento de entrada Margit
Fechas 1925-
Número Koha 1710
801 #0 - Fuente de origen
País FR
Agencia cm
Reglas de catalogación (convenciones descriptivas) AFNOR
942 ## - ELEMENTOS DE ENTRADA SECUNDARIOS (KOHA)
Tipo de ítem Koha Livre
Exemplaires
Estatus retirado Estado de daño Estado de pérdida Fecha de adquisición Biblioteca de origen Biblioteca actual Ubicación en estantería Código de barras Precio de reemplazo Signatura topográfica completa No para préstamo Tipo de ítem Koha Nota pública Nota no pública
      05/08/2025 Casa México Paris Casa México Paris   002751 05/08/2025 308 J82 V.68   Livre 20120607LIV 751145101